000 00596nam a2200229Ia 4500
003 OSt
005 20220928103348.0
006 a|||||r|||| 00| 0
007 ta
008 220927b |||||||| |||| 00| 0 eng d
024 _a62450
037 _cTextual
040 _aSDCL
_cSDCL
_beng
041 _2eng
_aeng
082 _aNA243,M, N0
100 _aSrivastava R P
_9403741
245 0 _aArt and Archaeology of Punjab
260 _aDelhi
_bSundeep Prakashan
_c1990
300 _a212p
_ccm.
942 _hNA243,M, N0
_cTEXL
_2CC
999 _c719511
_d719511